Στατιστική ανάλυση υδρο-μετεωρολογικών δεδομένων για τον προσδιορισμό υγρών - ξηρών χρονικών περιόδων : μεταπτυχιακή εργασία

Η παρούσα διπλωματική εργασία έχει στόχο την μοντελοποίηση της μέσης μηνιαίας βροχόπτωσης στις περιοχές της Μήλου, της Νάξου και του Ελληνικού. Αναμφισβήτητα το φαινόμενο της βροχόπτωσης είναι στοχαστικό, αφού η μελλοντική του εξέλιξη δεν μπορεί να προβλεφθεί με ακρίβεια. Για την επίτευξη του στόχου...

Full description

Saved in:
Bibliographic Details
Main Author: Τόιτου, Ειρήνη
Corporate Author: Πανεπιστήμιο Αιγαίου. Σχολή Θετικών Επιστημών. Τμήμα Στατιστικής και Αναλογιστικών-Χρηματοοικονομικών Μαθηματικών. Μεταπτυχιακό Πρόγραμμα Στατιστική και Αναλογιστικά - Χρηματοοικονομικά Μαθηματικά
Format: Thesis Book
Language:Greek
Published: 2012.
Subjects:
Online Access:http://hdl.handle.net/11610/15520
Tags: Add Tag
No Tags, Be the first to tag this record!

MARC

LEADER 00000cam a2200000 i 4500
001 1/32908
008 130715s2012 gr | ||| |||| ||gre||
035 |l 10114997 
040 |a GR-MyUA  |b gre  |e AACR2 
041 0 |a gre 
082 0 |a 551.4880151955  |2 (22) 
100 1 |a Τόιτου, Ειρήνη. 
245 1 0 |a Στατιστική ανάλυση υδρο-μετεωρολογικών δεδομένων για τον προσδιορισμό υγρών - ξηρών χρονικών περιόδων :   |b μεταπτυχιακή εργασία /   |c Ειρήνη Τόιτου ; επιβλέπων καθηγητής Λέκκας Δημήτριος-Φραγκίσκος.  
260 |c 2012.  
300 |a v, 66 σ. :   |b σχέδια, πίν. ;   |c 30 εκ.  
500 |a Μέλη της εξεταστικής επιτροπής επιτροπής: Λέκκας Δημήτριος-Φραγκίσκος, Γεωργίου Στέλιος, Στυλιανού Στέλλα.  
502 |a Διατριβή (μεταπτυχιακή) – Πανεπιστήμιο Αιγαίου, Σάμος, 2012. 
504 |a Βιβλιογραφία: σ. 63-66.  
506 1 |a Διάθεση πλήρους κειμένου ;   |d Ενδοπανεπιστημιακή δημοσίευση.  
520 |a Η παρούσα διπλωματική εργασία έχει στόχο την μοντελοποίηση της μέσης μηνιαίας βροχόπτωσης στις περιοχές της Μήλου, της Νάξου και του Ελληνικού. Αναμφισβήτητα το φαινόμενο της βροχόπτωσης είναι στοχαστικό, αφού η μελλοντική του εξέλιξη δεν μπορεί να προβλεφθεί με ακρίβεια. Για την επίτευξη του στόχου μοντελοποιήθηκαν συνολικά 28 αυτοπαλίνδρομα μοντέλα με δυο προσεγγίσεις. Η πρώτη προσέγγιση γίνεται χωρίς να λαμβάνονται υπόψη οι εποχές αλλά μόνο οι μεταβλητές Y_t και X_t (14 μοντέλα). Στην δεύτερη προσέγγιση λαμβάνοντας υπόψη τις εποχές εισαγάγουμε μιας εποχική συνιστώσας SC (14 μοντέλα). Η στατιστική ανάλυση έγινε με την εφαρμογή της θεωρίας για την ανάλυση των δίτιμων χρονοσειρών, πιο συγκεκριμένα εφαρμόσαμε την θεωρία των Γενικευμένων Γραμμικών μοντέλων. Ειδικότερα, επειδή η μεταβλητή Y_t είναι δίτιμη εφαρμόσαμε την θεωρία της Λογιστικής Παλινδρόμησης για δίτιμες χρονοσειρές όπως αυτή αναφέρεται στο Κεφάλαιο 3 της παρούσας εργασίας. Με την εφαρμογή της προαναφερθείσας θεωρίας καταφέραμε να μοντελοποιήσουμε ικανοποιητικά τα διαθέσιμα δεδομένα για την Μήλο και την Νάξο. Για την περιοχή του Ελληνικού κανένα από τα 28 μοντέλα δεν κρίθηκε κατάλληλο για πρόβλεψη. Το γεγονός αυτό μπορεί να μελετηθεί σε μια επόμενη έρευνα. 
540 |a Κλειδωμένη η δυνατότητα αντιγραφής (copy) του κειμένου.  
610 2 0 |a University of the Aegean  |x Dissertations. 
650 0 0 |a Rain and rainfall  |z Greece  |z Naxos Island  |x Mathematical models. 
650 0 0 |a Rain and rainfall  |z Greece  |z Melos (Municipality)  |x Mathematical models. 
650 0 0 |a Time-series analysis. 
650 0 0 |a Binary system (Mathematics) 
650 0 0 |a Linear models (Statistics) 
650 0 0 |a Regression analysis. 
650 0 0 |a Dissertations, Academic  |z Greece. 
700 1 |a Λέκκας, Δημήτριος-Φραγκίσκος Θ.  |e dgs 
710 2 |a Πανεπιστήμιο Αιγαίου.   |b Σχολή Θετικών Επιστημών.   |b Τμήμα Στατιστικής και Αναλογιστικών-Χρηματοοικονομικών Μαθηματικών.   |b Μεταπτυχιακό Πρόγραμμα Στατιστική και Αναλογιστικά - Χρηματοοικονομικά Μαθηματικά. 
852 |a INST  |b SAMOS  |c DIATR  |e 20130715  |h 551.4880151955 ΤΟΙ  |p 005300040342  |q 005300040342  |t MTXE  |y 23 
852 |a INST  |b SAMOS  |c DIATR  |e 20130715  |h 551.4880151955 ΤΟΙ  |p 005300040343  |q 005300040343  |t MTXE  |y 23 
856 |u http://hdl.handle.net/11610/15520 
901 |a BIBL3-2013-2 
909 |a Σ  |b 178565 
909 |a Σ  |b 178566 
924 |a ΤΟΙΤΟΥ  |b ΕΙΡΗΝΗ  |y Σάμος  |z 2012-11 
970 |a ΚΟΣΙΕΡΗΣ  |b ΧΡΗΣΤΟΣ  |z 2013/07/15